| 000 | 00589cam a2200217ua 4500 | ||
|---|---|---|---|
| 001 | 9671 | ||
| 008 | 180331n ii |||gr||||Z||||||eng | ||
| 020 | _a9789384303303 | ||
| 040 | _cMAIN | ||
| 041 | _aeng | ||
| 082 | _a004 | ||
| 100 |
_aDeka, Monoj Kr., _eAuthor. |
||
| 245 |
_aIT practices and its applications in business _cby Monoj Kr. Deka |
||
| 250 | _a1st ed. | ||
| 260 |
_aDibrugarh: _bMahaveer publications, _c2015. |
||
| 300 | _a240p. | ||
| 653 | _aData processing & computer science | ||
| 653 | _aInformation technology | ||
| 700 |
_aHussain, Sadiq, _eAuthor. |
||
| 942 | _cBK | ||
| 999 |
_c8690 _d8690 |
||